Význam rodinného podnikania pre podporu regionálneho rozvoja na Slovensku dizertačná práca

Uložené v:
Podrobná bibliografia
Hlavný autor: Chlpek, Samuel, 1996-
Korporativný autor: Obchodná fakulta EU. Katedra cestovného ruchu
Ďalší autori: Naďová Krošláková, Monika, 1975-
Médium: Kniha
Jazyk:Slovak
Vydavateľské údaje: Bratislava 2024
Predmet:
Tagy: Pridať tag
Žiadne tagy, Buďte prvý, kto otaguje tento záznam!

MARC

LEADER 00000nbm a2200000 4500
001 0303036
005 20240718102511.7
041 0 |a slo 
044 |a SK 
245 1 0 |a Význam rodinného podnikania pre podporu regionálneho rozvoja na Slovensku  |b dizertačná práca  |c Samuel Chlpek ; školiteľ: Monika Naďová Krošláková 
264 1 |a Bratislava  |c 2024 
300 |a 137 s. 
610 2 0 |a podnikanie rodinné 
610 2 0 |a rozvoj regionálny 
610 2 0 |a podnik malý 
610 2 0 |a podnik stredný 
610 2 0 |a Slovensko 
100 1 |a Chlpek, Samuel, 1996- 
700 1 |a Naďová Krošláková, Monika, 1975- 
710 2 |a Obchodná fakulta EU. Katedra cestovného ruchu